| Tag |
First Indicator |
Second Indicator |
Subfields |
| LEADER |
00000pam a2200000 a 4500 |
| 001 |
in00000088517 |
| 005 |
20151008065112.0 |
| 008 |
810615s1981 dcua b 00010 eng |
| 010 |
|
|
|a 80005731
|
| 020 |
|
|
|a 081911703X (pbk.) :
|c $11.75
|
| 020 |
|
|
|a 0819117021 (hard) :
|c $20.50
|
| 035 |
|
|
|a (OCoLC)07574061
|
| 035 |
|
|
|9 AAK5356AM
|
| 039 |
0 |
|
|a 2
|b 3
|c 3
|d 3
|e 3
|
| 040 |
|
|
|a DLC
|c DLC
|d TXA
|d UtOrBLW
|
| 049 |
|
|
|a TXAM
|c [1196697]
|
| 050 |
0 |
0 |
|a BL43.S85
|b B66 1981
|
| 082 |
0 |
|
|a 200/.1/9
|2 19
|
| 100 |
1 |
|
|a Booth, Howard J.
|
| 245 |
1 |
0 |
|a Edwin Diller Starbuck :
|b pioneer in the psychology of religion /
|c Howard J. Booth.
|
| 264 |
|
1 |
|a Washington, D.C. :
|b University Press of America,
|c [1981]
|
| 264 |
|
4 |
|c ©1981
|
| 300 |
|
|
|a ix, 292 pages :
|b illustrations ;
|c 22 cm.
|
| 336 |
|
|
|a text
|b txt
|2 rdacontent
|
| 337 |
|
|
|a unmediated
|b n
|2 rdamedia
|
| 338 |
|
|
|a volume
|b nc
|2 rdacarrier
|
| 504 |
|
|
|a Bibliography: pages 282-292.
|
| 600 |
1 |
0 |
|a Starbuck, Edwin Diller,
|d 1866-1947.
|
| 650 |
|
0 |
|a Psychology, Religious.
|
| 999 |
|
|
|a MARS
|
| 999 |
f |
f |
|s 454c6158-68b5-3e32-8da6-d945099aa625
|i 5fcddf85-6b60-3a90-b8a5-9f76dee77c4b
|t 0
|
| 952 |
f |
f |
|p ric
|a Texas A&M University
|b Rellis Campus
|c Joint Library Facility
|d Remote Storage
|t 0
|e BL43.S85 B66 1981
|h Library of Congress classification
|i unmediated -- volume
|m A14806089164
|
| 998 |
f |
f |
|a BL43.S85 B66 1981
|t 0
|l Remote Storage
|